| 000 | 00965nam0a22002411i 4500 | ||
|---|---|---|---|
| 001 | rc\805245 | ||
| 005 | 20240725235806.0 | ||
| 035 | _a(NLR Aleph) 005989193 | ||
| 090 |
_a7109755 _c7109755 |
||
| 100 | _a20041129d1983 u |0rusy50 ca | ||
| 101 | 0 | _arus | |
| 102 | _aRU | ||
| 105 | _ay ||||||||| | ||
| 200 | 1 |
_aПути повышения роли оптовой торговли в товароснабжении и розничной сети _e(На материалах потреб. кооперации КазССР) _eАвтореф. дис. на соиск. учен. степ. канд. экон. наук _e(08.00.05) |
|
| 210 |
_aМ. _d1983 |
||
| 215 | _a22 с. | ||
| 300 | _aВ надзаг.: Моск. кооп. ин-т | ||
| 320 | _aБиблиогр.: с. 20-22 (22 назв.) | ||
| 700 | 1 |
_aЛинников _bБ.Г. _gБорис Гаврилович |
|
| 801 | 0 |
_aRU _bNLR _gpsbo |
|
| 801 | 1 |
_aRU _bELAR _2rusmarc |
|
| 852 |
_aNLR _j83-4/26173 |
||
| 942 | _cBOOK | ||